Statistics for Guess the NBA player by team

Click here to take the quiz!

General Stats

  • This quiz has been taken 40 times
  • The average score is 9 of 15

Answer Stats

HintAnswer% Correct
Warriors Stephen Curry
94%
Cavaliers, Heat, Cavaliers, LakersLebron James
91%
Thunder, Rockets, Nets, 76ersJames Harden
88%
Supersonics, Thunder, Warriors, NetsKevin Durant
82%
Pelicans, LakersAnthony Davis
79%
Spurs, Raptors, ClippersKawhi Leonard
76%
Bulls, Timberwolves, 76ers, HeatJimmy Butler
73%
Lakers, Pelicans, BullsLonzo Ball
67%
Hornets, Clippers, Rockets, Thunder, SunsChris Paul
58%
Pistons, BucksKhris Middleton
45%
Spurs, Raptors, Lakers, 76ersDanny Green
39%
Jazz, Celtics, HornetsGordon Hayward
36%
Celtics, Mavericks, Kings, Bulls, Pelicans, Hawks, Clippers, Cavaliers, LakersRajon Rondo
36%
Magic, Thunder, Pacers, Rockets, HeatVictor Oladipo
30%
Kings,Suns, Celtics, Cavaliers, Nuggets, Wizards, Pelicans, Lakers, Mavericks, HornetsIsaiah Thomas
12%

Score Distribution

Percentile by Number Answered

Percent of People with Each Score

Your Score History

You have not taken this quiz